| 000 | 00582nam a2200193 4500 | ||
|---|---|---|---|
| 999 |
_c6878 _d6878 |
||
| 007 | 20200114 | ||
| 008 | 020516s1939 mlp engta | ||
| 100 | 1 | _aAquinas, Thomas | |
| 245 | 1 | 0 |
_aThe catechetical instructions of St. Thomas Aquinas / _ctrans. by Joseph B. Collins. |
| 260 |
_aManila : _bSinag-Tala, _cc1939. |
||
| 300 |
_a239 p. : _bill.: _c18cm. |
||
| 336 | _atext | ||
| 337 | _aunmediated | ||
| 338 | _avolume | ||
| 600 | 1 | 4 |
_aAquinas, Thomas, 1225-1294 _xCatechetical works. |
| 650 | 4 |
_aCatechisms _xRoman Catholic. |
|
| 700 | 1 | _aCollins, Joseph B. | |
| 942 |
_2lcc _cBK |
||